Contando Lunares - Don Patricio, Cruz Cafuné - Estadísticas

Estadísticas generales
  • Esta prueba ha sido intentada 59 veces
  • La puntuación promedio es 300 de 481
Estadísticas de respuestas
Letra % Correcto
l
94%
lo
94%
Lo
94%
a
91%
o
91%
Que
91%
que
91%
qué
91%
Qué
91%
s
91%
con
88%
el
88%
me
88%
Me
88%
mi
88%
poquito
88%
Poquito
88%
un
88%
Vente
88%
vente
88%
está
84%
La
84%
la
84%
loquito
84%
no
84%
No
84%
pa
84%
Pa
84%
sabe
84%
vacila
84%
y
84%
Y
84%
aunque
81%
de
81%
en
81%
mami
81%
Mami
81%
yo
81%
Yo
81%
encanta
78%
loca
78%
lunares
78%
78%
se
78%
si
78%
contando
75%
Esa
75%
esa
75%
haga
75%
loco
75%
Te
75%
te
75%
tiene
75%
día
72%
Don
72%
eso
72%
fue
72%
loquita
72%
mía
72%
plan
72%
72%
Tu
72%
Ya
72%
ya
72%
ay
69%
Ay
69%
playa
69%
ver
69%
ah
66%
Ah
66%
Ahora
66%
cómo
66%
conocerte
66%
cuando
66%
donde
66%
Dónde
66%
entra
66%
eres
66%
los
66%
mis
66%
papá
66%
plane
66%
quien
66%
realmente
66%
To
66%
verdad
66%
casi
63%
cojo
63%
del
63%
ellos
63%
entraba
63%
explicarlo
63%
fuerte
63%
Mira
63%
Patri
63%
saben
63%
agua
59%
al
59%
Al
59%
aquel
59%
beso
59%
juro
59%
Patricio
59%
pitote
59%
salió
59%
armó
56%
Era
56%
fuera
56%
giro
56%
nada
56%
pal
56%
por
56%
vine
56%
algo
53%
caleta
53%
digo
53%
noche
53%
Nos
53%
nos
53%
preciosa
53%
tirándonos
53%
Todos
53%
acercamos
50%
ahí
50%
ella
50%
pronto
50%
Estábamos
47%
Pero
47%
pero
47%
resacosos
47%
suelta
47%
surge
47%
tiró
47%
salpicarnos
44%
sol
44%
Suponte
44%
tazos
44%
una
44%
báilame
41%
cantosos
41%
cogote
41%
dile
41%
mirábamos
41%
planes
41%
super
41%
tranquilotes
41%
Uge
41%
adrede
38%
estoy
38%
Juega
38%
recuperar
38%
botaos
34%
charco
34%
Deja
34%
ese
34%
hablar
34%
lote
34%
mucho
34%
piloto
34%
venao
34%
vio
34%
Viti
34%
abajo
31%
arroz
31%
arrugadas
31%
mojito
31%
Papas
31%
pescao
31%
Pura
31%
pura
31%
ropa
31%
vida
31%
vitamina
31%
arriba
28%
casao
28%
concierto
28%
cuarto
28%
culiao
28%
dentro
28%
especia
28%
gajo
28%
grano
28%
habichuela
28%
Hace
28%
pienso
28%
pongo
28%
quedona
28%
quiero
28%
sobran
28%
tienes
28%
trabajo
28%
tumbao
28%
verano
28%
bailando
25%
buscarte
25%
carajo
25%
chiquito
25%
conocí
25%
crema
25%
Déjate
25%
desordenao
25%
encuentro
25%
espina
25%
jevita
25%
nota
25%
otra
25%
perote
25%
Restinga
25%
vamo
25%
buena
22%
Comiéndome
22%
damos
22%
fontana
22%
gozamo
22%
guacho
22%
tengo
22%
dedicao
19%
guatón
19%
Hazte
19%
Kuko
19%
Oh
19%
out
16%
sold
16%
Ahá
9%
aparece
9%
Yeah
9%
ajá
6%
Ajá
6%
bollycao
6%
Chacho
6%
chacho
6%
yah
6%
Yeh
6%
yeh
6%
Brra
0%
Huh
0%
huh
0%
listen
0%
No se encontraron pruebas coincidentes
Distribución de puntuación
Porcentaje de gente con cada puntuación
Porcentaje por número respondido
Historial de tus puntuaciones
No has intentado esta prueba.